Oxford English Dictionary (Record no. 27935)
[ view plain ]
| 000 -LEADER | |
|---|---|
| fixed length control field | 00218nam a2200097Ia 4500 |
| 008 - FIXED-LENGTH DATA ELEMENTS--GENERAL INFORMATION | |
| fixed length control field | 170620s9999 xx 000 0 und d |
| 100 ## - MAIN ENTRY--PERSONAL NAME | |
| Personal name | Oxford |
| 245 #0 - TITLE STATEMENT | |
| Title | Oxford English Dictionary |
| 260 ## - PUBLICATION, DISTRIBUTION, ETC. | |
| Name of publisher, distributor, etc. | oxford- N.Delhi |
| 260 ## - PUBLICATION, DISTRIBUTION, ETC. | |
| Date of publication, distribution, etc. | 2009 |
| 300 ## - PHYSICAL DESCRIPTION | |
| Extent | 1681 |
| Withdrawn status | Lost status | Source of classification or shelving scheme | Damaged status | Not for loan | Home library | Current library | Date acquired | Source of acquisition | Total Checkouts | Barcode | Date last seen | Price effective from | Koha item type |
|---|---|---|---|---|---|---|---|---|---|---|---|---|---|
| IIMT University College of Education-BTC | IIMT University College of Education-BTC | 01/30/2010 | 34 | 16-B-1021 | 06/30/2017 | 06/30/2017 | Text-Book- for 7 days |

